人事屋が書いた経理の本 - MGから生まれた戦略会計マニュアル

Сохранить в:
Библиографические подробности
Соавтор: 協和発酵工業株式会社
Формат:
Язык:Undetermined
Опубликовано: 東京 ソーテック社 1978
Предметы:
Метки: Добавить метку
Нет меток, Требуется 1-ая метка записи!
Thư viện lưu trữ: Trung tâm Học liệu Trường Đại học Cần Thơ
LEADER 00610nam a2200193Ia 4500
001 CTU_94963
008 210402s9999 xx 000 0 und d
082 |a 658.15 
082 |b K99 
110 |a 協和発酵工業株式会社 
245 0 |a 人事屋が書いた経理の本 - MGから生まれた戦略会計マニュアル 
245 0 |c 協和発酵工業株式会社 
260 |a 東京 
260 |b ソーテック社 
260 |c 1978 
650 |a Accounting,Financial management 
650 |x Management accounting 
904 |i Ngoc 
980 |a Trung tâm Học liệu Trường Đại học Cần Thơ